Biggest Cities in Luxembourg on a Map - Statistics

General Stats
  • This quiz has been taken 393 times
  • The average score is 8 of 20
Answers on the Map
Answers color-coded by a green-red scale on the quiz's map according to % correct below.
 
Answer Stats
Population Commune % Correct
122,273 Luxembourg
100%
36,218 Esch-sur-Alzette
69%
21,291 Dudelange
58%
7,042 Diekirch
53%
27,409 Differdange
53%
7,273 Wiltz
50%
19,574 Pétange
43%
9,148 Ettelbruck
42%
9,816 Mersch
41%
11,319 Bettembourg
39%
9,888 Strassen
34%
15,584 Hesperange
31%
9,913 Mamer
30%
11,293 Schifflange
30%
8,432 Bertrange
29%
8,090 Junglinster
28%
8,424 Walferdange
27%
9,506 Kayl
26%
10,464 Käerjeng
23%
17,550 Sanem
21%
No matching quizzes found
Score Distribution
Percent of People with Each Score
Percentile by Number Answered
Your Score History
You have not taken this quiz